| 000 | 00486nam a2200169Ia 4500 | ||
|---|---|---|---|
| 005 | 20250508161918.0 | ||
| 008 | 008 250505s9999 xx 000 0 eng d | ||
| 037 | _aTextual | ||
| 040 |
_aFEDL _beng _cFEDL |
||
| 041 |
_aeng _2eng |
||
| 084 |
_a371.97, NCE _qFEDL |
||
| 245 | 0 | _aTribal education in India | |
| 260 |
_aDelhi _bNational Council of Educational Research and Training _c1967 |
||
| 300 | _a221p. | ||
| 942 |
_cTEXL _h371.97, NCE |
||
| 999 |
_c1373138 _d1373138 |
||